La oración, intercambio de amor

Salvato in:
Dettagli Bibliografici
Autore principale: Charmot, Francisco (Autore)
Natura: Libro
Lingua:spagnolo
Pubblicazione: Bilbao El Mensajero del Corazón de Jesús 1965
Edizione:2a. ed
Soggetti:
Tags: Aggiungi Tag
Nessun Tag, puoi essere il primo ad aggiungerne!!

MARC

LEADER 00000cam a2200000 a 4500
001 UCD0118
003 CL-VaPUC
008 151112e19650000sp |||||||||||||||||spa|d
082 0 4 |a 242.2  |b CHA  |2 21 
100 0 |a Charmot, Francisco  |e author  |9 583126 
245 1 3 |a La oración, intercambio de amor 
250 |a 2a. ed 
300 |a 278 p 
942 |c BK 
945 |d 20151112 20:22:00  |a gsalatino 
260 |a Bilbao  |b El Mensajero del Corazón de Jesús  |c 1965 
650 0 |a Oración  |9 313348 
650 7 |a PLEGARIA  |2 CL-VaPUC  |9 399227 
650 7 |a MEDITACION  |2 CL-VaPUC  |9 313094 
650 0 |a Espiritualidad   |9 267331 
583 |a last modification  |c 20151112 20:22:00  |k Rodrigo Vera 
999 |c 361740  |d 361738 
952 |0 0  |1 0  |3 erb  |4 0  |6 242_200000000000000_CHA_1965  |7 0  |8 P  |9 472386  |a BIBTEO  |b BIBTES  |c TEO_FTES  |i 5270464  |o 242.2 CHA 1965  |p 5270464  |r 2024-01-18  |w 2019-11-24  |y BK  |z Catalogado en:20151112  |k ICR